Clinical, cosmetic and investigational dentistry

Bibliographic Details
Format: Electronic Journal
Language:English
Published: [Auckland, N.Z.] : Dove Medical Press
Subjects:
Online Access:Full text available from Research Library: 01/01/2009 to present

MARC

LEADER 00000nas a2200000 a 4500
001 ssj0000493288
003 WaSeSS
005 20200512172242.0
006 m d
007 cr n
008 081121c20099999nz x p s 0 a0eng c
010 |a  2011247772 
016 7 |a 99572766X  |2 DE-101 
016 7 |a 2508154-8  |2 DE-600 
016 7 |a 101579785  |2 DNLM 
022 |a 1179-1357  |l 1179-1357 
035 |a (WaSeSS)ssj0000493288 
040 |a NZ1  |b eng  |c NZ1  |d OCLCQ  |d PFM  |d SNU  |d DEBBG  |d GWDNB  |d CUS  |d NLM  |d OCLCQ  |d OCLCF  |d OCLCQ  |d EUW  |d OCLCQ  |d AU@  |d OCLCO  |d OCLCA  |d WaSeSS 
042 |a pcc 
050 1 4 |a RK54 
060 1 0 |a W1 
082 0 4 |a 617.6005  |2 22 
210 1 |a Clin. cosmet. investig. dent. 
222 0 |a Clinical, cosmetic and investigational dentistry 
245 0 0 |a Clinical, cosmetic and investigational dentistry  |h [electronic resource]. 
260 |a [Auckland, N.Z.] :  |b Dove Medical Press 
310 |a Irregular 
362 1 |a Began with v. 1 (2009). 
506 |a License restrictions may limit access. 
515 |a Articles added irregularly during the year and collected into annual issues. 
588 |a Description based on first issue; title from issue home page (viewed July 7, 2009). 
588 |a Latest issue consulted: 2012:4 (viewed Mar. 27, 2012). 
650 0 |a Dentistry  |x Aesthetic aspects  |v Periodicals. 
650 1 2 |a Esthetics, Dental. 
650 7 |a Dentistry  |x Aesthetic aspects.  |2 fast  |0 (OCoLC)fst00890636 
655 0 |a Electronic journals. 
856 4 0 |z Full text available from Research Library: 01/01/2009 to present  |u https://search.proquest.com/publication/3933180